Động vật học không xương sống : Giáo trình dùng cho trường đại học sư phạm
Giáo trình cung cấp kiến thức về một bộ phận quan trọng của giới động vật-động vật học không xương sống, sinh thái học, di truyền học học và thuyết tiến hoá và cung cấp kiến thức cơ sở chuyên đề sau đại học....
Gardado en:
| Autor Principal: | |
|---|---|
| Formato: | Libro |
| Idioma: | Undetermined |
| Publicado: |
Hà Nội
Giáo dục
2009
|
| Những chủ đề: | |
| Các nhãn: |
Engadir etiqueta
Sen Etiquetas, Sexa o primeiro en etiquetar este rexistro!
|
| Thư viện lưu trữ: | Trung tâm Học liệu Trường Đại học Cần Thơ |
|---|
| LEADER | 01016nam a2200229Ia 4500 | ||
|---|---|---|---|
| 001 | CTU_185572 | ||
| 008 | 210402s9999 xx 000 0 und d | ||
| 020 | |c 54000 | ||
| 082 | |a 592 | ||
| 082 | |b B103 | ||
| 100 | |a Thái, Trần Bái | ||
| 245 | 0 | |a Động vật học không xương sống : | |
| 245 | 0 | |b Giáo trình dùng cho trường đại học sư phạm | |
| 245 | 0 | |c Thái Trần Bái | |
| 260 | |a Hà Nội | ||
| 260 | |b Giáo dục | ||
| 260 | |c 2009 | ||
| 520 | |a Giáo trình cung cấp kiến thức về một bộ phận quan trọng của giới động vật-động vật học không xương sống, sinh thái học, di truyền học học và thuyết tiến hoá và cung cấp kiến thức cơ sở chuyên đề sau đại học. | ||
| 650 | |a Invertebrates | ||
| 650 | |x Động vật không xương sống | ||
| 904 | |i Hải | ||
| 980 | |a Trung tâm Học liệu Trường Đại học Cần Thơ | ||